[Event "ICS rated blitz match"]
[Site "204.178.125.65"]
[Date "1999.08.08"]
[Round "?"]
[White "Njall"]
[Black "Hossa"]
[Result "0-1"]
[WhiteElo "2238"]
[BlackElo "2339"]
[PlyCount "66"]
[EventDate "1999.??.??"]

1. d4 d5 2. c4 e6 3. Nc3 dxc4 4. e3 Bd6 5. Bxc4 Ne7 6. Nf3 O-O 7. O-O Nbc6 8.
Qe2 e5 9. dxe5 Bxe5 10. Nxe5 Nxe5 11. Rd1 Qe8 12. Bb3 Bg4 13. f3 Be6 14. Bxe6
fxe6 15. e4 N7c6 16. Be3 Rc8 17. Rd2 Qg6 18. Kh1 Qf6 19. Rad1 Rfd8 20. Rxd8+
Rxd8 21. Rxd8+ Qxd8 22. Qd2 Qxd2 23. Bxd2 Nc4 24. Bc1 Kf7 25. Kg1 Nd6 26. Kf1
Kf6 27. Ke2 g5 28. b3 Nd4+ 29. Kd3 Nc6 30. Ne2 Nb4+ 31. Kd4 e5+ 32. Kc5 a5 33.
a3 33... b6# {Njall checkmated} 0-1

[Event "ICS rated blitz match"]
[Site "204.178.125.65"]
[Date "1999.08.08"]
[Round "?"]
[White "Hossa"]
[Black "Njall"]
[Result "1-0"]
[WhiteElo "2350"]
[BlackElo "2227"]
[PlyCount "169"]
[EventDate "1999.??.??"]

1. d4 Nf6 2. c4 g6 3. Nc3 Bg7 4. e4 d6 5. Nf3 O-O 6. Be2 e5 7. Bg5 h6 8. Bh4
Nc6 9. d5 Ne7 10. O-O g5 11. Nxg5 hxg5 12. Bxg5 Nh7 13. Bh4 f5 14. exf5 Bxf5
15. Bd3 Qd7 16. Bxe7 Qxe7 17. Qc2 Bxd3 18. Qxd3 Qh4 19. Rae1 Ng5 20. Nb5 Rf7
21. b3 a6 22. Nc3 Raf8 23. Ne4 Rf4 24. Nxg5 Qxg5 25. Qh3 Qf5 26. Qe3 Bh6 27. a3
b6 28. a4 Qg6 29. Qh3 Bg5 30. f3 Rd4 31. Qd7 Rd2 32. Qg4 Qf5 33. Re4 Kg7 34. h4
Qxg4 35. Rxg4 Rf5 36. Rxg5+ Rxg5 37. hxg5 Rb2 38. f4 exf4 39. Rxf4 Rxb3 40. Re4
Kf7 41. Rh4 Kg6 42. Rh6+ Kxg5 43. Rh7 Rb4 44. Rxc7 Rxa4 45. Rc6 a5 46. Kh2 Kf5
47. Rxd6 Rxc4 48. Rxb6 Ke5 49. Rb5 a4 50. Ra5 Rd4 51. g3 Rxd5 52. Rxa4 Kf5 53.
Kh3 Kg5 54. Ra8 Rb5 55. Rg8+ Kh6 56. g4 Kh7 57. Re8 Kg7 58. Kh4 Ra5 59. Re6 Rb5
60. Rd6 Ra5 61. g5 Rb5 62. Kh5 Rb1 63. Rd7+ Kg8 64. Kh6 Rb8 65. g6 Ra8 66. Rg7+
Kh8 67. Rc7 Rb8 68. Re7 Kg8 69. Rg7+ Kh8 70. Rf7 Ra8 71. Rh7+ Kg8 72. Rc7 Rd8
73. Rg7+ Kh8 74. Rh7+ Kg8 75. Rb7 Ra8 76. Rd7 Kh8 77. g7+ Kg8 78. Rd6 Rc8 79.
Re6 Ra8 80. Rf6 Re8 81. Rb6 Re6+ 82. Rxe6 Kf7 83. g8=B+ Kxg8 84. Rf6 Kh8 85.
Rf8# {Njall checkmated} 1-0

[Event "ICS rated blitz match"]
[Site "204.178.125.65"]
[Date "1999.08.08"]
[Round "?"]
[White "Njall"]
[Black "Hossa"]
[Result "0-1"]
[WhiteElo "2216"]
[BlackElo "2361"]
[PlyCount "60"]
[EventDate "1999.??.??"]

1. d4 d5 2. c4 e6 3. Nc3 dxc4 4. e4 c5 5. Nf3 cxd4 6. Nxd4 Bc5 7. Be3 Qb6 8.
Rb1 e5 9. Nc2 Be6 10. Nd5 Bxd5 11. Qxd5 Qa5+ 12. Bd2 Qc7 13. Bxc4 Nf6 14. Qd3
Nc6 15. O-O Rd8 16. Qe2 Nxe4 17. Qxe4 Rxd2 18. b4 Bd4 19. b5 Ne7 20. Bb3 f5 21.
Qh4 Rxc2 22. Bxc2 Qxc2 23. Rbc1 Qxa2 24. Rc7 Ng6 25. Qg5 O-O 26. h4 Qd5 27. h5
Bb6 28. hxg6 Bxc7 29. Rc1 h6 30. Qg3 30... Bb6 {Njall resigns} 0-1

[Event "ICS rated blitz match"]
[Site "204.178.125.65"]
[Date "1999.08.08"]
[Round "?"]
[White "Hossa"]
[Black "fito"]
[Result "1-0"]
[WhiteElo "2390"]
[BlackElo "2310"]
[PlyCount "73"]
[EventDate "1999.??.??"]

1. d4 g6 2. c4 Bg7 3. e4 d6 4. Nc3 Nc6 5. d5 Nd4 6. Nge2 c5 7. Nxd4 cxd4 8. Nb5
Qb6 9. Bd3 a6 10. Na3 e5 11. O-O Ne7 12. f4 O-O 13. fxe5 dxe5 14. Qc2 Qc5 15.
Bg5 f6 16. Bh4 Bd7 17. Qb3 Rab8 18. Be1 Qc8 19. Bb4 Qe8 20. Bd6 Ra8 21. Qxb7 f5
22. Rae1 f4 23. c5 Rf7 24. Nc4 Bb5 25. Nxe5 Bxe5 26. Bxb5 axb5 27. Bxe5 Nf5 28.
Bc7 Ne3 29. Rf3 Rxa2 30. Qb8 Qxb8 31. Bxb8 Rxb2 32. Rxf4 Rxg2+ 33. Kh1 Rc2 34.
c6 Rxf4 35. Bxf4 d3 36. Bxe3 d2 37. Bxd2 {fito resigns} 1-0

[Event "ICS rated blitz match"]
[Site "204.178.125.65"]
[Date "1999.08.08"]
[Round "?"]
[White "ews"]
[Black "Hossa"]
[Result "0-1"]
[WhiteElo "2311"]
[BlackElo "2402"]
[PlyCount "84"]
[EventDate "1999.??.??"]

1. e4 c5 2. Nc3 Nc6 3. g3 g6 4. Nge2 Bg7 5. Bg2 Nh6 6. O-O O-O 7. d3 f5 8. Be3
fxe4 9. dxe4 d6 10. Qd2 Ng4 11. Bg5 Qb6 12. Rab1 c4 13. Nd5 Qc5 14. Ne3 Qxg5
15. f4 Qh5 16. Nxg4 Bxg4 17. Nc3 Bd4+ 18. Kh1 Bh3 19. Nd5 Bxg2+ 20. Kxg2 Rf7
21. c3 Bg7 22. Rf2 e6 23. Nc7 Rxc7 24. Qxd6 Re7 25. e5 Rd8 26. Qc5 Qg4 27. Qxc4
Bxe5 28. fxe5 Qxc4 29. Rbf1 Qxa2 30. h4 Nxe5 31. h5 Nd3 32. Re2 gxh5 33. Rf3
Nxb2 34. Rff2 Qd5+ 35. Kg1 Nc4 36. Kh2 Ne5 37. Rd2 Nf3+ 38. Kh3 Nxd2 39. c4
Qh1+ 40. Rh2 Qf1+ 41. Kh4 Qf5 42. g4 42... Qxg4# {ews checkmated} 0-1

[Event "ICS rated blitz match"]
[Site "204.178.125.65"]
[Date "1999.08.08"]
[Round "?"]
[White "ews"]
[Black "Hossa"]
[Result "0-1"]
[WhiteElo "2249"]
[BlackElo "2412"]
[PlyCount "68"]
[EventDate "1999.??.??"]

1. e4 c5 2. Nc3 Nc6 3. Nf3 e6 4. d3 d5 5. g3 d4 6. Ne2 e5 7. Bg2 f5 8. O-O fxe4
9. dxe4 Bd6 10. Nh4 Be7 11. Nf5 Bxf5 12. exf5 Nf6 13. Bg5 O-O 14. Bxf6 Rxf6 15.
f4 exf4 16. Rxf4 Qd7 17. c3 d3 18. c4 Rd6 19. Bd5+ Rxd5 20. cxd5 dxe2 21. Qxe2
Qxd5 22. Rd1 Qxa2 23. g4 Bf6 24. Re4 Rf8 25. Rd7 Bd4+ 26. Kg2 Qb3 27. h3 Na5
28. Ree7 Qxb2 29. Kf3 Nc6 30. Qe6+ Kh8 31. Rxb7 Ne5+ 32. Ke4 Qe2+ 33. Kd5 Qf3+
34. Kd6 34... Qc6# {ews checkmated} 0-1

[Event "ICS rated blitz match"]
[Site "204.178.125.65"]
[Date "1999.08.08"]
[Round "?"]
[White "j724"]
[Black "Hossa"]
[Result "0-1"]
[WhiteElo "2140"]
[BlackElo "2423"]
[PlyCount "84"]
[EventDate "1999.??.??"]

1. d4 d5 2. Nf3 Nf6 3. Bf4 Bf5 4. e3 e6 5. Nbd2 Bd6 6. Ne5 O-O 7. Be2 Nfd7 8.
g4 Bg6 9. h4 Bxe5 10. dxe5 f6 11. h5 Be8 12. exf6 Qxf6 13. c3 e5 14. Bg3 Bf7
15. Qc2 Nc6 16. O-O-O Qh6 17. Nf3 e4 18. g5 Qe6 19. Nd4 Nxd4 20. cxd4 Rfc8 21.
Kb1 c5 22. Qb3 cxd4 23. Rxd4 Nc5 24. Qd1 Qf5 25. Bf4 Be6 26. Rh4 Qf7 27. Qg1
Bf5 28. Qh2 Nd3 29. a3 Rc1+ 30. Ka2 Nxf4 31. Rxf4 Qd7 32. Qg3 Rac8 33. Bg4 Bxg4
34. Rxg4 Qe6 35. g6 h6 36. Rf4 a5 37. Rf7 Rh1 38. Rc7 Rxh5 39. Rxc8+ Qxc8 40.
Qd6 Rf5 41. Rxd5 Qc4+ 42. Ka1 42... Qxd5 {j724 resigns} 0-1

[Event "ICS rated blitz match"]
[Site "204.178.125.65"]
[Date "1999.08.08"]
[Round "?"]
[White "Hossa"]
[Black "sicillianknight"]
[Result "0-1"]
[WhiteElo "2428"]
[BlackElo "2803"]
[PlyCount "84"]
[EventDate "1999.??.??"]

1. d4 Nf6 2. c4 e6 3. Nc3 d5 4. Bg5 Nbd7 5. Nf3 Be7 6. Qc2 dxc4 7. e3 Nb6 8.
Bxf6 Bxf6 9. Bxc4 Nxc4 10. Qa4+ Bd7 11. Qxc4 Bc6 12. e4 O-O 13. O-O a5 14. Rad1
a4 15. Ne5 Bxe5 16. dxe5 Qg5 17. f4 Qg4 18. Nb5 a3 19. b3 Rad8 20. Nc3 Rxd1 21.
Nxd1 Rd8 22. Ne3 Qg6 23. f5 Qg5 24. Re1 Re8 25. Qd4 b5 26. Rc1 Rd8 27. Qc5 Bxe4
28. fxe6 fxe6 29. Rf1 c6 30. Rf2 h6 31. Nf1 Rd1 32. Qxa3 Qxe5 33. Qe7 Bd3 34.
Qe8+ Kh7 35. g3 Qd4 36. Kg2 Be4+ 37. Rf3 Bxf3+ 38. Kxf3 Qd5+ 39. Kf2 Qf5+ 40.
Ke2 Qxf1+ 41. Ke3 Rd3+ 42. Ke4 42... Qf5# {Hossa checkmated} 0-1

[Event "ICS rated blitz match"]
[Site "204.178.125.65"]
[Date "1999.08.08"]
[Round "?"]
[White "hamsi"]
[Black "Hossa"]
[Result "0-1"]
[WhiteElo "2414"]
[BlackElo "2425"]
[PlyCount "58"]
[EventDate "1999.??.??"]

1. e4 c5 2. b4 cxb4 3. d4 Nf6 4. e5 Nd5 5. a3 d6 6. Nf3 Bg4 7. Be2 Nc6 8. O-O
dxe5 9. dxe5 e6 10. axb4 Bxb4 11. c4 Nc3 12. Nxc3 Bxc3 13. Ba3 Qxd1 14. Raxd1
Nxe5 15. Bd6 Nxf3+ 16. gxf3 Bh3 17. c5 O-O-O 18. Rc1 Bxf1 19. Kxf1 Bd4 20. f4
Rhg8 21. Rb1 Rge8 22. Bf3 b6 23. Be2 bxc5 24. Ba6+ Kd7 25. Be5 Rf8 26. Rb7+ Kc6
27. Rb1 Bxe5 28. fxe5 Kd5 29. f4 29... Ke4 {hamsi resigns} 0-1

[Event "ICS Rated blitz match"]
[Site "204.178.125.65"]
[Date "1999.08.08"]
[Round "?"]
[White "StanleyCup"]
[Black "Hossa"]
[Result "1-0"]
[WhiteElo "2512"]
[BlackElo "2440"]
[PlyCount "143"]
[EventDate "1999.??.??"]

1. e4 c5 2. Nf3 e6 3. d4 cxd4 4. Nxd4 d5 5. Bb5+ Bd7 6. exd5 exd5 7. O-O Bc5 8.
Bxd7+ Qxd7 9. Nb3 Be7 10. Re1 Nf6 11. Bg5 O-O 12. Nc3 Bd8 13. Rb1 Ng4 14. Bxd8
Rxd8 15. Qxd5 Qc7 16. Qh5 Nf6 17. Qf3 Nc6 18. Re2 Re8 19. Rbe1 Rxe2 20. Qxe2
Qf4 21. Nd5 Qf5 22. Nxf6+ gxf6 23. c3 Rd8 24. Qf1 Ne5 25. Nd4 Qf4 26. Qe2 a6
27. a4 Qh4 28. Qe3 Re8 29. Re2 Rd8 30. a5 Rd5 31. b4 Rd8 32. Re1 Re8 33. Qc1
Rd8 34. Nf5 Qh5 35. Qc2 Kh8 36. Qe4 Rd1 37. Kf1 Rd2 38. Ng3 Qg4 39. Qxb7 Nd3
40. Qxf7 Rxf2+ 41. Kg1 Rxg2+ 42. Kxg2 Nxe1+ 43. Kf1 Qf3+ 44. Kxe1 Qxc3+ 45. Kf2
Qd2+ 46. Kf3 Qc3+ 47. Kg2 Qc6+ 48. Kh3 h6 49. Qf8+ Kh7 50. Qc5 Qb7 51. Qf5+ Kg7
52. Nh5+ Kf8 53. Qxf6+ Ke8 54. Ng7+ Kd7 55. Qf7+ Kc8 56. Qxb7+ Kxb7 57. Nf5 Kc7
58. Nxh6 Kc6 59. Kg4 Kb7 60. Nf7 Kc8 61. b5 Kc7 62. b6+ Kc6 63. Ne5+ Kb7 64. h4
Kc8 65. h5 Kb7 66. h6 Kc8 67. h7 Kb7 68. Kf5 Kb8 69. h8=Q+ Kb7 70. Qh7+ Kb8 71.
Qa7+ Kc8 72. Qa8# {Hossa checkmated} 1-0

[Event "ICS rated blitz match"]
[Site "204.178.125.65"]
[Date "1999.08.08"]
[Round "?"]
[White "Hossa"]
[Black "sicillianknight"]
[Result "0-1"]
[WhiteElo "2427"]
[BlackElo "2806"]
[PlyCount "132"]
[EventDate "1999.??.??"]

1. d4 Nf6 2. c4 e6 3. Nc3 Bb4 4. Bg5 h6 5. Bh4 c5 6. dxc5 Bxc5 7. e4 Nc6 8. Bd3
Qb6 9. Qd2 Ne5 10. Be2 Nfg4 11. Bxg4 Nxg4 12. Nf3 Qd6 13. Qxd6 Bxd6 14. O-O-O
Bf4+ 15. Kb1 O-O 16. h3 Ne5 17. Be7 Nxf3 18. Bxf8 Nd2+ 19. Ka1 Kxf8 20. g3 Bxg3
21. Rxd2 Bc7 22. Rhd1 Ke7 23. a3 Bf4 24. Rd3 b6 25. Nb5 a5 26. Nd6 Ba6 27. b3
Ra7 28. a4 g6 29. h4 Rc7 30. Kb2 Rc6 31. Nb5 d6 32. Nd4 Rc5 33. Kc2 Rh5 34. Rh1
Bb7 35. f3 g5 36. Rhd1 g4 37. Ne2 Be5 38. f4 Bxe4 39. fxe5 dxe5 40. b4 axb4 41.
Rb1 Rxh4 42. Rxb4 Rh3 43. Nc1 g3 44. Ne2 g2 45. Rbb3 Re3 46. Ng1 Re1 47. Kd2
Rxg1 48. Rg3 Ra1 49. Rbe3 f5 50. Rg7+ Kd6 51. Reg3 f4 52. R3g4 f3 53. Rf7 g1=Q
54. Rxg1 Rxg1 55. Ke3 Re1+ 56. Kf2 Re2+ 57. Kf1 Bf5 58. Rf6 Ke7 59. Rxh6 Rg2
60. Rh1 Bd3+ 61. Ke1 f2+ 62. Kd1 Rg1+ 63. Kd2 f1=Q 64. Rxg1 Qe2+ 65. Kc3 Qc2+
66. Kb4 66... Qb2# {Hossa checkmated} 0-1

[Event "ICS rated blitz match"]
[Site "204.178.125.65"]
[Date "1999.08.08"]
[Round "?"]
[White "sicillianknight"]
[Black "Hossa"]
[Result "1-0"]
[WhiteElo "2809"]
[BlackElo "2424"]
[PlyCount "106"]
[EventDate "1999.??.??"]

1. d4 d5 2. c4 e6 3. Nc3 c6 4. Nf3 dxc4 5. e3 b5 6. a4 b4 7. Nb1 Ba6 8. Be2 Qd5
9. O-O Bd6 10. Nbd2 Nf6 11. Qc2 c3 12. Bxa6 cxb2 13. Bxb2 Nxa6 14. e4 b3 15.
Qb1 Nxe4 16. Qxe4 Qxe4 17. Nxe4 Bc7 18. Rac1 Kd7 19. Rc3 Rab8 20. Neg5 Rhf8 21.
Nxh7 Rh8 22. Nhg5 Rhf8 23. Rb1 Bd6 24. Bc1 f6 25. Ne4 b2 26. Bxb2 Be7 27. Rcc1
Rb4 28. Bc3 Rxa4 29. Rb7+ Nc7 30. Rcb1 e5 31. Ng3 exd4 32. Bxd4 c5 33. Bc3 Re8
34. Nf5 Bf8 35. N3h4 Ra3 36. Bd2 g5 37. Ng6 Bd6 38. Be3 c4 39. Bxa7 Rd3 40. Bb6
Rc8 41. h3 c3 42. Rc1 Ke6 43. g4 Kd7 44. Ba5 Bc5 45. Bxc3 Ke6 46. Ba5 Bd6 47.
Nxd6 Rxd6 48. Rbxc7 Rxc7 49. Rxc7 Rd1+ 50. Kg2 Rd6 51. Bc3 Ra6 52. Nf8+ Kd5 53.
Rf7 53... Ke4 {Hossa resigns} 1-0

[Event "ICS rated blitz match"]
[Site "204.178.125.65"]
[Date "1999.08.08"]
[Round "?"]
[White "Hossa"]
[Black "sicillianknight"]
[Result "0-1"]
[WhiteElo "2421"]
[BlackElo "2812"]
[PlyCount "105"]
[EventDate "1999.??.??"]

1. d4 Nf6 2. c4 e6 3. Nc3 Bb4 4. Bg5 h6 5. Bh4 c5 6. d5 Bxc3+ 7. bxc3 d6 8.
Qa4+ Nbd7 9. e3 Qe7 10. Qd1 Nb6 11. Rc1 O-O 12. Qh5 Re8 13. Bxf6 Qxf6 14. Nf3
exd5 15. cxd5 Re4 16. Bd3 Rg4 17. Kf1 Ra4 18. e4 Rxa2 19. Qh4 Qxh4 20. Nxh4 Bd7
21. Kg1 Re8 22. g3 c4 23. Bb1 Ra3 24. Nf3 Na4 25. Nd4 Nxc3 26. f3 b5 27. g4 b4
28. Bc2 b3 29. Bb1 b2 30. Rf1 Na4 31. h3 c3 32. h4 a5 33. Nc2 Ra1 34. g5 Bb5
35. Re1 hxg5 36. hxg5 Bd3 37. Rh2 Re5 38. Rf2 Rxg5+ 39. Kh2 f5 40. exf5 Rxf5
41. Kg3 Nb6 42. Re8+ Kf7 43. Re1 Nxd5 44. Rh2 Rg5+ 45. Kh4 Rg6 46. Na3 Rh6+ 47.
Kg3 Rxh2 48. Bxd3 Rd2 49. Bb1 Rxa3 50. Bf5 Ra1 51. Be6+ Kf6 52. Bg8 Rxe1 53.
Bxd5 {Hossa resigns} 0-1

[Event "ICS rated blitz match"]
[Site "204.178.125.65"]
[Date "1999.08.08"]
[Round "?"]
[White "Hossa"]
[Black "Esen"]
[Result "1-0"]
[WhiteElo "2418"]
[BlackElo "2017"]
[PlyCount "23"]
[EventDate "1999.??.??"]

1. d4 Nf6 2. c4 g6 3. Nc3 Bg7 4. e4 d6 5. f3 O-O 6. Be3 e5 7. Nge2 b6 8. Qd2 c5
9. d5 Ba6 10. Ng3 Nfd7 11. Bh6 Qh4 12. Bg5 {Esen resigns} 1-0

[Event "ICS rated blitz match"]
[Site "204.178.125.65"]
[Date "1999.08.08"]
[Round "?"]
[White "Esen"]
[Black "Hossa"]
[Result "0-1"]
[WhiteElo "2014"]
[BlackElo "2421"]
[PlyCount "50"]
[EventDate "1999.??.??"]

1. e4 c5 2. Nf3 e6 3. g3 d5 4. exd5 exd5 5. d4 cxd4 6. Nxd4 Bc5 7. Be3 Qb6 8.
b3 Nc6 9. Nxc6 Bxe3 10. Qe2 bxc6 11. Qxe3+ Qxe3+ 12. fxe3 Nf6 13. Bg2 O-O 14.
O-O Re8 15. Re1 Bd7 16. Nd2 Re7 17. h3 Rae8 18. Kf2 Re5 19. g4 Bxg4 20. hxg4
Nxg4+ 21. Kf3 Nxe3 22. c3 Nxg2 23. Rxe5 Rxe5 24. Kxg2 Re2+ 25. Kf3 25... Rxd2 {
Esen resigns} 0-1

[Event "ICS rated blitz match"]
[Site "204.178.125.65"]
[Date "1999.08.08"]
[Round "?"]
[White "Hossa"]
[Black "Esen"]
[Result "1-0"]
[WhiteElo "2424"]
[BlackElo "2011"]
[PlyCount "51"]
[EventDate "1999.??.??"]

1. d4 Nf6 2. c4 e6 3. Nc3 Bb4 4. Bg5 Bxc3+ 5. bxc3 h6 6. Bxf6 Qxf6 7. e4 d6 8.
Bd3 b6 9. Qf3 Qxf3 10. Nxf3 Bb7 11. O-O Nd7 12. Nd2 e5 13. f4 f6 14. fxe5 fxe5
15. a3 Rf8 16. Rxf8+ Kxf8 17. Nf3 Ke7 18. Nh4 Nf6 19. Nf5+ Kf8 20. Rf1 Kg8 21.
Nxh6+ gxh6 22. Rxf6 Kg7 23. Re6 Bc8 24. Re7+ Kf6 25. Rh7 Kg6 26. Rxc7 {
Esen resigns} 1-0

[Event "ICS rated blitz match"]
[Site "204.178.125.65"]
[Date "1999.08.08"]
[Round "?"]
[White "Esen"]
[Black "Hossa"]
[Result "0-1"]
[WhiteElo "2008"]
[BlackElo "2427"]
[PlyCount "70"]
[EventDate "1999.??.??"]

1. e4 c5 2. c4 Nc6 3. d3 e5 4. Nc3 Be7 5. Nd5 Nf6 6. Nxf6+ Bxf6 7. g3 d6 8. Bh3
Bxh3 9. Nxh3 Qd7 10. Ng1 O-O 11. Be3 Rab8 12. a4 Bd8 13. h3 f5 14. f3 Ba5+ 15.
Ke2 Nd4+ 16. Bxd4 cxd4 17. g4 fxg4 18. hxg4 Qc6 19. Qf1 Qb6 20. Qc1 Rf6 21. Qc2
Rbf8 22. Rf1 Bb4 23. Rf2 h6 24. b3 Qc5 25. Rh3 a6 26. Kf1 R8f7 27. Kg2 Be1 28.
Rf1 Qb4 29. Ne2 Bd2 30. Rd1 Be3 31. Rf1 Qa3 32. Rb1 Qc5 33. Ra1 Qc8 34. Qb2
Rxf3 35. Rxf3 35... Qxg4+ {Esen resigns} 0-1

[Event "ICS rated blitz match"]
[Site "204.178.125.65"]
[Date "1999.08.08"]
[Round "?"]
[White "Hossa"]
[Black "Esen"]
[Result "1-0"]
[WhiteElo "2430"]
[BlackElo "2005"]
[PlyCount "40"]
[EventDate "1999.??.??"]

1. d4 Nf6 2. c4 e6 3. Nc3 Bb4 4. Bg5 Bxc3+ 5. bxc3 h6 6. Bxf6 Qxf6 7. e4 d6 8.
Bd3 b6 9. Qf3 Qxf3 10. Nxf3 Bb7 11. O-O Nd7 12. Nd2 e5 13. f4 f6 14. fxe5 dxe5
15. g3 c5 16. d5 Ke7 17. a4 a5 18. Rfb1 Rab8 19. Bf1 Bc8 20. Bh3 20... Nf8 {
Esen resigns} 1-0

[Event "ICS rated blitz match"]
[Site "204.178.125.65"]
[Date "1999.08.08"]
[Round "?"]
[White "Esen"]
[Black "Hossa"]
[Result "0-1"]
[WhiteElo "2002"]
[BlackElo "2433"]
[PlyCount "46"]
[EventDate "1999.??.??"]

1. e4 c5 2. c4 Nc6 3. d3 e5 4. Nc3 Be7 5. Nd5 Nf6 6. Nxf6+ Bxf6 7. Be2 O-O 8.
Bg4 Qa5+ 9. Qd2 Nb4 10. Kf1 d6 11. Bxc8 Raxc8 12. a3 Qa4 13. Ne2 Nc2 14. Rb1
Nd4 15. Nxd4 cxd4 16. b3 Qd7 17. f3 Bd8 18. Ke2 f5 19. Rf1 fxe4 20. fxe4 Qg4+
21. Ke1 Bh4+ 22. g3 Bxg3+ 23. hxg3 23... Qxg3+ {Esen resigns} 0-1

[Event "ICS rated blitz match"]
[Site "204.178.125.65"]
[Date "1999.08.08"]
[Round "?"]
[White "Hossa"]
[Black "Esen"]
[Result "1-0"]
[WhiteElo "2435"]
[BlackElo "2008"]
[PlyCount "61"]
[EventDate "1999.??.??"]

1. d4 Nf6 2. c4 e6 3. Nc3 Bb4 4. Bg5 Bxc3+ 5. bxc3 h6 6. Bxf6 Qxf6 7. e4 d6 8.
Bd3 b6 9. Qf3 Qxf3 10. Nxf3 Bb7 11. O-O Nd7 12. Nd2 O-O 13. f4 e5 14. fxe5 dxe5
15. Rae1 f6 16. Re3 c5 17. d5 Rad8 18. Rd1 Nb8 19. Nf3 Bc8 20. Nh4 g5 21. Rg3
Kh7 22. Nf3 h5 23. Nd2 h4 24. Re3 Bg4 25. Rf1 Rd6 26. Be2 Bd7 27. Nf3 Bg4 28.
Nxg5+ Kg7 29. Bxg4 fxg5 30. Rxf8 Kxf8 31. Rf3+ {Esen resigns} 1-0

[Event "ICS rated blitz match"]
[Site "204.178.125.65"]
[Date "1999.08.08"]
[Round "?"]
[White "Esen"]
[Black "Hossa"]
[Result "0-1"]
[WhiteElo "2005"]
[BlackElo "2438"]
[PlyCount "296"]
[EventDate "1999.??.??"]

1. e4 c5 2. c4 Nc6 3. d3 e5 4. Nc3 Be7 5. Nd5 Nf6 6. Nxf6+ Bxf6 7. Be2 O-O 8.
Bg4 Qa5+ 9. Bd2 Qb6 10. Qb3 Qxb3 11. axb3 Nd4 12. Ra3 Nc2+ 13. Kd1 Nxa3 14.
bxa3 d6 15. Bxc8 Raxc8 16. g4 a6 17. a4 Bh4 18. f3 Bf2 19. Ne2 f6 20. Nc3 Bd4
21. Nd5 Kf7 22. h4 h5 23. g5 Rb8 24. Nb6 Ke6 25. Ke2 fxg5 26. Bxg5 Rf7 27. Rf1
Re8 28. Rh1 Ref8 29. Rh3 Bb2 30. Nd5 Kd7 31. f4 exf4 32. Kf3 a5 33. Rh1 Ke6 34.
Rb1 Be5 35. Rh1 Bd4 36. Rb1 Kd7 37. Rh1 Be5 38. Rb1 Rg8 39. Rf1 Rh8 40. Rh1 Re8
41. Rf1 Kc8 42. Rh1 Kb8 43. Rf1 Ka7 44. Rh1 b6 45. Rf1 Ra8 46. Rh1 Kb7 47. Rf1
Re8 48. Rh1 Ka6 49. Rf1 Ra8 50. Rh1 Rb8 51. Rf1 Rbf8 52. Rh1 Ka7 53. Rf1 Kb7
54. Rh1 Rh8 55. Rf1 Kb8 56. Rh1 Rhf8 57. Rf1 Rg8 58. Rh1 Ka7 59. Rf1 Rgf8 60.
Rh1 Rb8 61. Rf1 Kb7 62. Rh1 Rc8 63. Rf1 g6 64. Rh1 Rh8 65. Rf1 Ka7 66. Rh1 Ka6
67. Rf1 Rb8 68. Rh1 Rg8 69. Rf1 Kb7 70. Rh1 Ka7 71. Rf1 Re8 72. Rd1 Rb8 73. Rh1
Kb7 74. Rf1 Kc6 75. Rd1 Rh8 76. Rh1 Rhf8 77. Rf1 Re8 78. Rd1 Kb7 79. Rb1 Kc8
80. Rd1 Kb8 81. Rb1 Rg8 82. Rh1 Rgf8 83. Rb1 Ka8 84. Rd1 Kb7 85. Rh1 Ka6 86.
Rb1 Bd4 87. Rf1 Be3 88. Rh1 Bd2 89. Rd1 Be3 90. Rf1 Kb7 91. Rb1 Bd2 92. Rh1 Ka7
93. Rd1 Be3 94. Rf1 Bd2 95. Rb1 Ka6 96. Rh1 Kb7 97. Rb1 Ka7 98. Rd1 Bb4 99. Rb1
Kb7 100. Rh1 Kc6 101. Rd1 Kd7 102. Rb1 Bd2 103. Rd1 Be3 104. Rf1 Ke6 105. Rh1
Bd2 106. Rd1 Be3 107. Rb1 Bd2 108. Rd1 Bb4 109. Rb1 Ke5 110. Rd1 Ba3 111. Rd2
Bb4 112. Rd1 Kd4 113. Bf6+ Rxf6 114. Nxf6 Rxf6 115. Ke2 f3+ 116. Kf2 Kc3 117.
Kf1 Kxb3 118. Kf2 Kc2 119. Rh1 Kxd3 120. Rh3 Kxc4 121. Rg3 Kb3 122. Rh3 Kxa4
123. Rg3 b5 124. Rh3 Kb3 125. Rg3 Kc3 126. Rh3 Kd3 127. Rg3 Kxe4 128. Rh3 d5
129. Rg3 Bd2 130. Rh3 Be3+ 131. Kf1 Kf4 132. Rh1 Kg3 133. Ke1 f2+ 134. Kf1 Bd4
135. Ke2 f1=Q+ 136. Rxf1 Rxf1 137. Kxf1 a4 138. Ke2 a3 139. Kd2 Kxh4 140. Ke2
Kg5 141. Kd2 a2 142. Ke2 b4 143. Kf3 b3 144. Ke2 c4 145. Kf3 c3 146. Ke2 a1=Q
147. Kf3 Qf1+ 148. Kg3 148... Be5# {Esen checkmated} 0-1

[Event "ICS rated blitz match"]
[Site "204.178.125.65"]
[Date "1999.08.08"]
[Round "?"]
[White "Hossa"]
[Black "Esen"]
[Result "1/2-1/2"]
[WhiteElo "2440"]
[BlackElo "2003"]
[PlyCount "175"]
[EventDate "1999.??.??"]

1. d4 Nf6 2. c4 e6 3. Nc3 Bb4 4. Bg5 Bxc3+ 5. bxc3 h6 6. Bxf6 Qxf6 7. e4 d6 8.
Bd3 c5 9. Qf3 e5 10. Qxf6 gxf6 11. Ne2 Be6 12. Rb1 b6 13. O-O Na6 14. d5 Bd7
15. f4 Ke7 16. fxe5 fxe5 17. Rf2 f6 18. Ng3 h5 19. Rbf1 Raf8 20. Nf5+ Bxf5 21.
Rxf5 Nc7 22. g3 Ne8 23. Kf2 Ng7 24. Rf3 h4 25. gxh4 Rxh4 26. h3 Nh5 27. Rg1 Kf7
28. Ke3 Nf4 29. Bf1 Rg8 30. Rxg8 Kxg8 31. Rf2 Rh7 32. a4 a5 33. Rb2 Rb7 34. Kf3
Kh7 35. Kg3 Kg6 36. Kg4 Nh5 37. h4 Ng7 38. Rb5 Kh6 39. Bd3 Rb8 40. Bc2 Rb7 41.
Bb1 Rb8 42. Rb3 Rb7 43. Rb2 Rb8 44. Bd3 Rb7 45. Bc2 Rb8 46. Rb1 Rb7 47. Rb3 Rb8
48. Kf3 Kh5 49. Kg3 Kh6 50. Rb5 Kg6 51. Rb1 Kh6 52. Kh2 Kh5 53. Kh3 Kh6 54. Rb2
Rb7 55. Rb5 Rb8 56. Rb3 Rb7 57. Kg2 Kh5 58. Kg3 Kh6 59. Bb1 Nh5+ 60. Kh3 Ng7
61. Kg2 Kh5 62. Kg3 Kh6 63. Kh3 Rb8 64. Rb5 Rb7 65. Kg3 Nh5+ 66. Kf3 Ng7 67.
Bd3 Kh5 68. Kg3 Kh6 69. Rb1 Nh5+ 70. Kf2 Ng7 71. Rb3 Kh5 72. Kg3 Kh6 73. Kh2
Kh5 74. Kh3 Kh6 75. Rb2 Rb8 76. Kh2 Kh5 77. Rg2 Kh6 78. Rg1 Rb7 79. Rf1 Rf7 80.
Rb1 Rb7 81. Rb2 Rb8 82. Rb5 Rb7 83. Bc2 Rb8 84. Bb1 Rb7 85. Rb2 Rb8 86. Kg3
Nh5+ 87. Kf3 Ng7 88. Bc2 {Game drawn by the 50 move rule} 1/2-1/2

[Event "ICS rated blitz match"]
[Site "204.178.125.65"]
[Date "1999.08.08"]
[Round "?"]
[White "StanleyCup"]
[Black "Hossa"]
[Result "1-0"]
[WhiteElo "2497"]
[BlackElo "2426"]
[PlyCount "120"]
[EventDate "1999.??.??"]

1. e4 c5 2. Nf3 e6 3. d4 cxd4 4. Nxd4 d5 5. Bb5+ Bd7 6. exd5 exd5 7. O-O Bc5 8.
Bxd7+ Qxd7 9. Nb3 Be7 10. Re1 Nf6 11. Bg5 O-O 12. Nc3 Bd8 13. Rb1 Ng4 14. Bxd8
Rxd8 15. Qxd5 Qc7 16. Qh5 Nf6 17. Qf3 Nc6 18. Re2 Re8 19. Rbe1 Rxe2 20. Qxe2
Qf4 21. Nd5 Qf5 22. Nxf6+ gxf6 23. a4 Rd8 24. c3 Qe6 25. Nd2 f5 26. Qd1 Qd6 27.
Re2 Qf4 28. b4 a5 29. bxa5 Nxa5 30. Qc2 Nc6 31. Nf1 Rf8 32. Ng3 Rd8 33. f3 Qd6
34. Nxf5 Qd1+ 35. Qxd1 Rxd1+ 36. Kf2 Kf8 37. g4 Rd3 38. Rb2 Rd7 39. Rb6 Kg8 40.
h4 Kf8 41. Ke3 Na5 42. Ke4 Nc4 43. Rb4 Na5 44. Rd4 Nb3 45. Rxd7 Nc5+ 46. Kd5
Nxd7 47. a5 Nf6+ 48. Kd6 Ke8 49. Kc7 Nd7 50. Nd6+ Ke7 51. Nxb7 Nf6 52. a6 Nd5+
53. Kc6 Nxc3 54. a7 Ne2 55. a8=Q Nd4+ 56. Kd5 Ne6 57. Qa7 Kf6 58. Nd6 Nf4+ 59.
Ke4 Ke6 60. Qxf7+ 60... Kxd6 {Hossa resigns} 1-0

[Event "ICS rated blitz match"]
[Site "204.178.125.65"]
[Date "1999.08.08"]
[Round "?"]
[White "Hossa"]
[Black "PostModernist"]
[Result "1-0"]
[WhiteElo "2413"]
[BlackElo "2373"]
[PlyCount "113"]
[EventDate "1999.??.??"]

1. d4 g6 2. c4 Nf6 3. Nc3 Bg7 4. e4 d6 5. f3 c5 6. dxc5 dxc5 7. Qxd8+ Kxd8 8.
Bd2 Nc6 9. O-O-O Bd7 10. Be3 b6 11. Nh3 Ke8 12. Nb5 Rd8 13. Nf4 Kf8 14. Nd5 e6
15. Nxf6 Bxf6 16. Be2 Kg7 17. Rd2 a6 18. Rhd1 axb5 19. Rxd7 Bd4 20. Rxd8 Bxe3+
21. R8d2 Nd4 22. Bd3 Rd8 23. cxb5 Nxf3 24. gxf3 Rxd3 25. Kc2 Rxd2+ 26. Rxd2
Bxd2 27. Kxd2 Kf6 28. a4 Ke5 29. Kc3 g5 30. b4 cxb4+ 31. Kxb4 Kd6 32. a5 Kc7
33. a6 f6 34. Kc4 Kb8 35. Kd3 h5 36. Kd4 Ka7 37. Ke3 Ka8 38. Kd3 Ka7 39. Ke2
Ka8 40. e5 f5 41. Kf2 h4 42. Kg2 Ka7 43. Kh3 Kb8 44. f4 gxf4 45. Kxh4 Ka7 46.
Kh3 Ka8 47. Kg2 f3+ 48. Kf2 Kb8 49. h4 Kc8 50. h5 f4 51. h6 Kb8 52. h7 Ka7 53.
Kf1 Kb8 54. h8=Q+ Kc7 55. Qg7+ Kc8 56. a7 f2 57. a8=Q# {
PostModernist checkmated} 1-0